000 02303cam a22003378i 4500
001 19531181
003 BD-DhSAU
005 20240131121923.0
006 m |o d |
007 cr |||||||||||
008 170228s2017 nju ob 001 0 eng
020 _a9781315365695
020 _z9781771885034 (hardcover : alk. paper)
040 _aBD-DhSAU
082 0 0 _a633.1/0468
_223
100 1 _aKumar, Ranjeet,
_d1982-
_eauthor.
245 1 0 _aInsect pests of stored grain :
_bbiology, behavior, and management strategies /
_cauthor: Ranjeet Kumar, PhD.
264 1 _aWaretown, NJ :
_bApple Academic Press,
_c2017.
300 _a1 online resource.
504 _aIncludes bibliographical references and index.
505 0 _aIntroduction to storage entomology -- History of grain or seed storage -- Classification and identification of important stored grain/seed insects -- Important stored grain and seed insect pests -- Detection of infestation in stored product -- Estimation of losses due to insects in stored products -- Sources and kind of infestation -- Factors affecting infestation of storage insects -- Methods of storage and different storage structures -- Behavioral management of storage insects -- Management of stored grain and seed insects by plant products -- Integrated management of storage insects -- Fumigation of stored products -- Important mites associated with stored produce and their management -- Important birds associated with stored grain and their management -- Important rodents in warehouse or godown and their management -- Important storage fungi and their management -- Stored grain insects of quarantine importance.
588 _aDescription based on print version record and CIP data provided by publisher; resource not viewed.
590 _aroy
650 0 _aGrain
_xStorage
_xDiseases and injuries.
650 0 _aGrain
_xDiseases and pests.
650 0 _aInsect pests
_xControl.
776 0 8 _iPrint version:
_aKumar, Ranjeet, 1982- author.
_tInsect pests of stored grain
_dWaretown, NJ : Apple Academic Press, 2017
_z9781771885034
_w(DLC) 2017005613
856 _uhttp://www.taylorfrancis.com/books/9781315365695
_yInstitutional Access by IP or Remote Access
942 _2ddc
_cE-BOOK
999 _c17396
_d17395